01128nam a22002777b 4500001001500000003000900015005001700024008004100041020001500082020001800097040002800115082001800143100004000161245010600201260003700307300002700344490002600371500003700397650004100434650004100475700004000516942001200556999001700568952012900585952013600714bimo0002120453CO-ViMGA20230915233553.0060721s2006 sp | ||| ||spa  a8420551708 a9788420551708 aCO-ViMGAbspacCO-ViMGA04aI 863 bV719b1 aVillar Liebana, Luisad1950-91096913aEl burrito tragacuentosh[Texto impreso]cLuisa Villar Liebana ; ilustraciones de Cristina Minguillon aMadridbPearson Alhambrac[2006] a46 p.bil. col.c20 cm aPearson Alhambra;v43 aRecomendado a partir de 6 años14aCuentos infantiles españoles9101214aLiteratura infantil española978511 aMinguilln̤, Cristinad1959-910970 2ddccBK c36837d36837 00102ddc40708003aMEVIECARbMEVIECARd2017-09-04l1oI 863 V719bp32313r2018-07-12 00:00:00s2018-05-29w2017-09-04yBK 001040708InfPoTiaMEVIGERRbMEVIGERRcSInfd2006-11-27oC VIL6bupECA943r2024-11-26 09:17:30tEj.1w2024-11-26yBKz2870 | 3980